Dvojí život /
Román české autorky vypravuje příběh mladé hudebnice v poměrech normalizačního Československa.
Uloženo v:
| Hlavní autor: | |
|---|---|
| Médium: | E-kniha |
| Jazyk: | Czech |
| Vydáno: |
V Praze :
Motto,
2024
|
| Vydání: | 1. vydání |
| Témata: | |
| Tagy: |
Žádné tagy |
| LEADER | 02118nam a2200373 i 4500 | ||
|---|---|---|---|
| 001 | 312532 | ||
| 003 | CZ PrSKC | ||
| 005 | 20260601215724.0 | ||
| 007 | ta | ||
| 008 | 241011s2024 xr g 000 f cze | ||
| 015 | |a cnb003637363 | ||
| 020 | |a 9788026727316 |q (vázáno) | ||
| 035 | |a (OCoLC)1477940063 | ||
| 040 | |a ABG001 |b cze |d ABA001 |e rda | ||
| 072 | 7 | |a 821.162.3-3 |x Česká próza |2 Konspekt | |
| 080 | |a 821.162.3-31 |2 MRF | ||
| 080 | |a (0:82-31) |2 MRF | ||
| 100 | 1 | |a Poncarová, Jana, |d 1983- |7 xx0228679 |4 aut | |
| 245 | 1 | 0 | |a Dvojí život / |c Jana Poncarová |
| 250 | |a 1. vydání | ||
| 264 | 1 | |a V Praze : |b Motto, |c 2024 | |
| 300 | |a 245 stran ; |c 22 cm | ||
| 336 | |a text |b txt |2 rdacontent | ||
| 337 | |a bez média |b n |2 rdamedia | ||
| 338 | |a svazek |b nc |2 rdacarrier | ||
| 520 | 2 | |a Román české autorky vypravuje příběh mladé hudebnice v poměrech normalizačního Československa. |b Nadaná houslistka Julie nenávidí kousavé šaty a sovětské skladby, které musí hrát kvůli svému otci, komunistickému funkcionáři. Je druhá polovina sedmdesátých let a Julie miluje džíny a rock. A taky kytaristu Romana. Poté, co ji Roman přizve jako zpěvačku do undergroundové kapely, začne Julie rozplétat lež, která se odehrává v jejím domově i na veřejnosti. Na prahu dospělosti odhaluje zradu nejbližších a musí se rozhodnout, jestli bude i nadále žít dvojí život. Co všechno je ochotná obětovat pro osobní svobodu, pro lásku a pravdu? Nakladatelská anotace. | |
| 655 | 7 | |a české romány |7 fd133974 |2 czenas | |
| 655 | 9 | |a Czech fiction |2 eczenas | |
| 900 | |a ABA001 |b 19 | ||
| 928 | 9 | |a Albatros Media - Motto | |
| 044 | |a xr | ||
| 910 | |a RBIT002 | ||
| 998 | |d 414816 |a https://core.palmknihy.cz/api/books/414816/cover?slbkt3 |b https://core.palmknihy.cz/api/books/414816/cover/400?slbkt3 |c https://core.palmknihy.cz/api/books/414816/cover/50?slbkt3 |e 2034-12-31 |g 248 |i 9788026727316 |j https://core.palmknihy.cz/api/books/414816/preview.epub |k https://core.palmknihy.cz/api/books/414816/preview.pdf |l |q 49 |r 1 |s https://www.palmknihy.cz/kniha/414816 |t ebook |y 2024 |z 0 | ||
| 999 | |d 312530 | ||